000 00252nam a2200097Ia 4500
001 814634
005 20250826171640.0
008 250824s9999 xx 000 0 und d
245 0 _aALLAHIN VARLIĞINA BELGELER
_cZEKERİYA BEYAZ
260 _bDESTEK YAYINLARI
999 _c814634
_d814634